Complete Companion for JEE Main 2020 Mathematics: / (Record no. 176566)

MARC details
000 -LEADER
fixed length control field 00741nam a22001937a 4500
005 - DATE AND TIME OF LATEST TRANSACTION
control field 20210111111203.0
010 ## - LCCN (DPL NO)
LC control number ENG-128736
020 ## - INTERNATIONAL STANDARD BOOK NUMBER
International Standard Book Number 978-93-534-3510-3
Terms of availability 499.00 (v.II)
035 ## - SYSTEM CONTROL NUMBER
System control number EN-112268
037 ## - SOURCE OF ACQUISITION
Source of stock number/acquisition DBAD/PUB
082 ## - DEWEY DECIMAL CLASSIFICATION NUMBER
Classification number 510
100 ## - MAIN ENTRY--PERSONAL NAME
Personal name Khattar, Dinesh
245 ## - TITLE STATEMENT
Title Complete Companion for JEE Main 2020 Mathematics: /
Statement of responsibility, etc Dinesh Khattar, and Rohan Sinha
260 ## - PUBLICATION, DISTRIBUTION, ETC. (IMPRINT)
Place of publication, distribution, etc Uttar Pradesh
Name of publisher, distributor, etc Pearson India Education Services Pvt. Ltd.
Date of publication, distribution, etc 2020
270 ## - ADDRESS
City Uttar Pradesh
Postal code 201301
Address 15th Floor, Tower-B, World Trade Tower, Plot No.- 1, Block-C, Sector-16, Noida
Electronic mail address companysecretary.india@pearson.com
Telephone number 044-66540100
300 ## - PHYSICAL DESCRIPTION
Extent various pages.
Dimensions 25cm(pbk)
700 ## - ADDED ENTRY--PERSONAL NAME
Personal name Sinha, Rohan
942 ## - ADDED ENTRY ELEMENTS (KOHA)
Source of classification or shelving scheme Dewey Decimal Classification
Item type English Books
Classification part 510
Call number suffix KHA
Holdings
Withdrawn status Lost status Materials specified (bound volume or other part) Not for loan Collection code Home library Current library Date acquired Source of acquisition Cost, normal purchase price Full call number Barcode Copy number Cost, replacement price Koha item type
    Vol.-2   Non-fiction Sarojini Nagar Sarojini Nagar 11/01/2021 DBAD/PUB 499.00 510 KHA EN-112268 1 499.00 English Books

© Delhi Public Library
Hit Counter
free hit counter